[Event "EU-ch 16th"]
[Site "Jerusalem"]
[Date "2015.03.04"]
[Round "8"]
[White "Aronin, Pavel"]
[Black "Vaturi, Eden"]
[Result "1-0"]
[WhiteElo "2085"]
[BlackElo "1798"]
[PlyCount "97"]
[EventDate "2015.02.24"]
[EventType "swiss"]
[EventRounds "11"]
[EventCountry "ISR"]
[SourceTitle "CBM 166"]
[Source "ChessBase"]
[SourceDate "2015.05.11"]
[SourceVersion "1"]
[SourceVersionDate "2015.05.11"]
[SourceQuality "1"]

1. e4 d6 2. d4 Nf6 3. Nc3 g6 4. Nf3 Bg7 5. h3 0-0 6. Be3 c6 7. a4 b6 8. Be2 c5 9. d5 Ba6 10. 0-0 Bxe2 11. Qxe2 Qc8 12. Nd2 Na6 13. Nb5 Nc7 14. Bg5 a6 15. Nc3 Qd7 16. Nc4 Rfb8 17. Rfd1 b5 18. axb5 axb5 19. Rxa8 Nxa8 20. Na5 Nc7 21. Nc6 Rb7 22. Ra1 e6 23. Qf3 exd5 24. exd5 b4 25. Bxf6 bxc3 26. bxc3 h6 27. c4 Ne8 28. Bxg7 Kxg7 29. Re1 Qc8 30. Qg3 Rd7 31. Qc3+ Nf6 32. g4 Qh8 33. f4 Kh7 34. Kg2 Qg7 35. Qa1 Ng8 36. Qxg7+ Kxg7 37. Rb1 Ne7 38. Kf3 Nxc6 39. dxc6 Rc7 40. Rb6 Kf6 41. Ke4 h5 42. Kd5 hxg4 43. hxg4 Re7 44. Kxd6 Re4 45. c7 Rxf4 46. Kxc5+ Kg5 47. c8Q Rxg4 48. Qxg4+ Kxg4 49. Rf6 1-0

[Event "EU-ch 16th"]
[Site "Jerusalem"]
[Date "2015.03.02"]
[Round "6"]
[White "Kerner, Michael"]
[Black "Vaturi, Eden"]
[Result "1-0"]
[WhiteElo "2063"]
[BlackElo "1798"]
[PlyCount "65"]
[EventDate "2015.02.24"]
[EventType "swiss"]
[EventRounds "11"]
[EventCountry "ISR"]
[SourceTitle "CBM 166"]
[Source "ChessBase"]
[SourceDate "2015.05.11"]
[SourceVersion "1"]
[SourceVersionDate "2015.05.11"]
[SourceQuality "1"]

1. e4 d6 2. Nc3 Nf6 3. f4 g6 4. Nf3 Bg7 5. Be2 0-0 6. 0-0 c5 7. Kh1 Nc6 8. d3 a6 9. Qe1 Bg4 10. Qf2 Bxf3 11. Bxf3 Qc7 12. g4 e6 13. f5 Nd7 14. Bg2 Rac8 15. Bd2 Nb4 16. Qh4 Qd8 17. g5 exf5 18. exf5 f6 19. fxg6 hxg6 20. a3 Nxc2 21. Bd5+ Rf7 22. Bxf7+ Kxf7 23. Qc4+ Kf8 24. gxf6 Nxf6 25. Nd5 Nxa1 26. Bg5 b5 27. Qh4 Rc7 28. Nxc7 Qxc7 29. Bxf6 Qc6+ 30. Kg1 d5 31. Be5+ Kg8 32. Qd8+ Kh7 33. Qe7 1-0

[Event "EU-ch 16th"]
[Site "Jerusalem"]
[Date "2015.03.01"]
[Round "5"]
[White "Vaturi, Eden"]
[Black "Manakova, Maria"]
[Result "0-1"]
[WhiteElo "1798"]
[BlackElo "2318"]
[PlyCount "158"]
[EventDate "2015.02.24"]
[EventType "swiss"]
[EventRounds "11"]
[EventCountry "ISR"]
[SourceTitle "CBM 166"]
[Source "ChessBase"]
[SourceDate "2015.05.11"]
[SourceVersion "1"]
[SourceVersionDate "2015.05.11"]
[SourceQuality "1"]

1. c4 e5 2. Nc3 d6 3. Nf3 f5 4. d3 Nf6 5. Bg5 Be7 6. g3 c6 7. Bg2 0-0 8. 0-0 Na6 9. a3 Nc7 10. Bd2 e4 11. Ne1 d5 12. Nc2 d4 13. Na2 Ne6 14. b4 b6 15. Nc1 c5 16. e3 Bb7 17. Rb1 Rb8 18. Bh3 Ng5 19. Bg2 Ne6 20. Bh3 exd3 21. Nxd3 Be4 22. Nf4 Nxf4 23. exf4 Qd7 24. Rc1 Rfe8 25. Ne1 Bd6 26. Bg2 Rec8 27. Qb3 Qf7 28. Nf3 h6 29. b5 Kh8 30. Rfe1 Qb7 31. a4 a6 32. Nh4 Bxg2 33. Nxg2 Ne4 34. Qd3 Be7 35. Re2 axb5 36. axb5 Ra8 37. Rce1 Ra2 38. f3 Nxd2 39. Rxd2 Rxd2 40. Qxd2 Ra8 41. Qd3 Bf6 42. Kf2 Qf7 43. Rc1 Qd7 44. Rc2 Ra1 45. Ne1 Ra4 46. Re2 g6 47. Rd2 Qf7 48. Rc2 Kg7 49. Rc1 Qg8 50. Qb3 Qa8 51. Nd3 Ra3 52. Qd1 Ra2+ 53. Kg1 Qa3 54. Kh1 Qa5 55. Rc2 Qa4 56. Rc1 Qxd1+ 57. Rxd1 Ra3 58. Kg2 Rc3 59. Nxc5 bxc5 60. Rb1 Rc2+ 61. Kh3 Ra2 62. b6 Ra8 63. g4 Kf7 64. Kg3 Rb8 65. h4 Rb7 66. Rb5 Be7 67. h5 gxh5 68. g5 Kg6 69. gxh6 Kxh6 70. Rb3 Kg6 71. Rb5 Kf7 72. Rb1 Bd8 73. Rh1 h4+ 74. Kh3 Rxb6 75. Rc1 Re6 76. Rb1 Re3 77. Rb5 Rxf3+ 78. Kg2 Rg3+ 79. Kh2 Be7 0-1

[Event "EU-ch 16th"]
[Site "Jerusalem"]
[Date "2015.02.26"]
[Round "3"]
[White "Vaturi, Eden"]
[Black "Slavin, Alexei"]
[Result "0-1"]
[WhiteElo "1798"]
[BlackElo "2391"]
[PlyCount "98"]
[EventDate "2015.02.24"]
[EventType "swiss"]
[EventRounds "11"]
[EventCountry "ISR"]
[SourceTitle "CBM 166"]
[Source "ChessBase"]
[SourceDate "2015.05.11"]
[SourceVersion "1"]
[SourceVersionDate "2015.05.11"]
[SourceQuality "1"]

1. c4 Nf6 2. Nc3 b6 3. Nf3 Bb7 4. d4 e6 5. e3 d5 6. Bd3 Bd6 7. a3 0-0 8. Nb5 Be7 9. cxd5 exd5 10. Nc3 Nbd7 11. 0-0 a6 12. Ne2 Bd6 13. Ng3 g6 14. b3 Qe7 15. Bb2 Ne4 16. Bxe4 dxe4 17. Nd2 b5 18. Qc2 f5 19. Rfd1 Nf6 20. Re1 Bd5 21. Ne2 c6 22. b4 Bxh2+ 23. Kxh2 Ng4+ 24. Kg1 Qh4 25. Ng3 Qh2+ 26. Kf1 f4 27. exf4 Rxf4 28. Ngxe4 Qh1+ 29. Ke2 Qxg2 30. Kd1 Re8 31. f3 Rxf3 32. Nxf3 Qxf3+ 33. Qe2 Nf2+ 34. Kc1 Qf4+ 35. Qe3 Rxe4 36. Qxf4 Rxf4 37. Re2 Bc4 38. Rd2 Ne4 39. Rg2 Bd3 40. Rg1 Rf2 41. Rd1 Rc2+ 42. Kb1 Nd2+ 43. Rxd2 Rxd2+ 44. Kc1 Rc2+ 45. Kb1 Rg2+ 46. Kc1 Bc2 47. Bc3 Ba4 48. Bd2 h5 49. Rb1 h4 0-1